000
00299nam a22001337a 4500
008
171011b xxu||||| |||| 00| 0 eng d
020
_a
2900073404102
041
_a
eng
080
_2
7TH
_a
316
100
_a
50
101
_a
SOC
245
_a
MODERN SOCIOLOGICAL THEORY
_c
RITZER,G
942
_2
udc
_c
BK
999
_c
33184
_d
33184